Catálogo
Digital

Catálogo
Digital

Scientology 8-8-0 (Record no. 13950)

MARC details
000 -CABECERA
campo de control de longitud fija 01590nam a2200289 4500
003 - IDENTIFICADOR DEL NÚMERO DE CONTROL
campo de control EC-UNACH
005 - FECHA Y HORA DE LA ÚLTIMA TRANSACCIÓN
campo de control 20250930112031.0
006 - CÓDIGOS DE INFORMACIÓN DE LONGITUD FIJA--CARACTERÍSTICAS DEL MATERIAL ADICIONAL
campo de control de longitud fija s||||gr|||| 00| 00
008 - DATOS DE LONGITUD FIJA--INFORMACIÓN GENERAL
campo de control de longitud fija 150116t9999 mx r gr 000 0 spa d
020 ## - NÚMERO INTERNACIONAL ESTÁNDAR DEL LIBRO
Número Internacional Estándar del Libro 978-1-4031-4470-6
040 ## - FUENTE DE LA CATALOGACIÓN
Centro catalogador/agencia de origen EC-UNACH
Centro/agencia transcriptor EC-UNACH
041 ## - CÓDIGO DE LENGUA
Código de lengua del texto/banda sonora o título independiente spa
082 04 - NÚMERO DE LA CLASIFICACIÓN DECIMAL DEWEY
Número de edición 23
Número de clasificación 299.936
Número de documento/Ítem L018296
100 ## - ENTRADA PRINCIPAL--NOMBRE DE PERSONA
Nombre de persona L. RONALD HUBBARD
245 ## - MENCIÓN DE TÍTULO
Título Scientology 8-8-0
250 ## - MENCIÓN DE EDICIÓN
Mención de edición Primera Edición
264 ## - Producción, publicación, distribución, fabricación y copyright
Lugar de producción, publicación, distribución, fabricación Estados Unidos
Nombre del de productor, editor, distribuidor, fabricante BRIDGE PUBLICATIONS
Fecha de de producción, publicación, distribución, fabricación o copyright 2007
300 ## - DESCRIPCIÓN FÍSICA
Extensión 199 páginas
505 ## - NOTA DE CONTENIDO CON FORMATO
Nota de contenido con formato La descripción completa del comportamiento y potenciales de un thetán, y el libro de texto para las conferencias del Curso de Doctorado de Filadelfia y de Los Factores: Admiración y el Renacimiento del Beingness. Como dijo L. Ronald Hubbard, el título del libro sirve para fijar en la mente del individuo una ruta por la cual se puede rehabilitar a sí mismo, sus capacidades, su ética y sus metas: el logro del infinito (8) mediante la reducción del infinito (8) aparente del universo mest a cero (0) y el incremento del cero (0) aparente del universo propio hasta el infinito (8). Aquí se encuentran condensadas más de 80,000 horas de investigación, con un resumen y ampliación de cada avance sensacional hasta la fecha, y el significado completo de esos descubrimientos desde la posición privilegiada de Thetán Operante. <br/>
650 ## - PUNTO DE ACCESO ADICIONAL DE MATERIA--TÉRMINO DE MATERIA
Término de materia o nombre geográfico como elemento inicial CIENCIOLOGÍA
650 ## - PUNTO DE ACCESO ADICIONAL DE MATERIA--TÉRMINO DE MATERIA
Término de materia o nombre geográfico como elemento inicial DIANÉTICA
650 ## - PUNTO DE ACCESO ADICIONAL DE MATERIA--TÉRMINO DE MATERIA
Término de materia o nombre geográfico como elemento inicial ÉTICA
942 ## - ELEMENTOS DE PUNTO DE ACCESO ADICIONAL (KOHA)
Fuente del sistema de clasificación o colocación Clasificación Decimal Dewey
Tipo de ítem Koha Libros
999 ## - NÚMEROS DE CONTROL DE SISTEMA (KOHA)
Koha biblionumber 13950
Holdings
Estado de pérdida Fuente del sistema de clasificación o colocación Estado dañado No para préstamo Localización permanente Ubicación/localización actual Ubicación en estantería Fecha de adquisición Fuente de adquisición Número de inventario Total de préstamos Signatura topográfica completa Código de barras Fecha visto por última vez Número de copia Precio válido a partir de Tipo de ítem Koha Centro de costos
  Clasificación Decimal Dewey     Biblioteca Campus Norte Biblioteca Campus Norte Psicología Clínica 30/09/2025 Transitoria Segunda del Reglamento de Biblioteca 39933206   299.936 L018296 L018296 30/09/2025 Ejemplar 01 30/09/2025 Libros  

Powered by Koha